Mondo Marcos : writtings on martial law and the Marcos babies (Record no. 8033)

MARC details
000 -LEADER
fixed length control field 00645nam a22002057a 4500
003 - CONTROL NUMBER IDENTIFIER
control field OSt
005 - DATE AND TIME OF LATEST TRANSACTION
control field 20260303045025.0
008 - FIXED-LENGTH DATA ELEMENTS--GENERAL INFORMATION
fixed length control field 260130b |||||||| |||| 00| 0 eng d
020 ## - INTERNATIONAL STANDARD BOOK NUMBER
International Standard Book Number 978-971-27-2213-4
040 ## - CATALOGING SOURCE
Original cataloging agency DWCL-Main Lib
Transcribing agency OC
082 ## - DEWEY DECIMAL CLASSIFICATION NUMBER
Classification number Fil. 959.90562 M741 2010
245 ## - TITLE STATEMENT
Title Mondo Marcos : writtings on martial law and the Marcos babies
260 ## - PUBLICATION, DISTRIBUTION, ETC.
Place of publication, distribution, etc. Pasig City :
Name of publisher, distributor, etc. Anvil Publishing,
Date of publication, distribution, etc. c2010.
300 ## - PHYSICAL DESCRIPTION
Extent 198 p. ;
Dimensions 23 cm.
650 ## - SUBJECT ADDED ENTRY--TOPICAL TERM
Topical term or geographic name entry element Marcos, Ferdinand E., 1917-1989.
650 ## - SUBJECT ADDED ENTRY--TOPICAL TERM
Topical term or geographic name entry element Martial law - Philippines.
700 ## - ADDED ENTRY--PERSONAL NAME
Personal name CIMATU, FRANK
Relator term Editor
700 ## - ADDED ENTRY--PERSONAL NAME
Dates associated with a name TOLENTINO, ROLANDO B.
Relator term Editor
942 ## - ADDED ENTRY ELEMENTS (KOHA)
Source of classification or shelving scheme Dewey Decimal Classification
Koha item type Book-Filipiniana
Call number suffix Fil.
Suppress in OPAC No
952 ## - LOCATION AND ITEM INFORMATION (KOHA)
--
Holdings
Withdrawn status Lost status Source of classification or shelving scheme Damaged status Not for loan Home library Current library Shelving location Date acquired Source of acquisition Cost, normal purchase price Total Checkouts Full call number Barcode Date last seen Copy number Price effective from Koha item type Uniform Resource Identifier
    Dewey Decimal Classification     Junior High School Library Junior High School Library Filipiniana 11/15/2010 Library Fund 895.00   Fil. 959.90562 M741 2010 JHS - 15828 01/30/2026 c1 01/30/2026 BK - FIL